[Event "Hold-DM i hurtigskak 2026"]
[Site "Middelfart"]
[Date "2026.05.24"]
[Round "4.4"]
[White "Nielsen, Lars Aaes"]
[Black "Jalving, August"]
[Result "0-1"]
[WhiteElo "2227"]
[BlackElo "2094"]
[EventDate "2026.05.24"]
[EventType "team-tourn"]
[EventRounds "6"]
[EventCountry "DEN"]
[SourceTitle "Live v. Kasper Jerwiarz"]
[WhiteTeam "Nordkalotten"]
[BlackTeam "BMS"]

1. e4 d6 2. d4 Nf6 3. Nc3 Nbd7 4. Be3 e5 5. d5 Be7 6. g4 h5 7. f3 hxg4 8. fxg4 Nc5 9. Bb5+ Kf8 10. Bxc5 dxc5 11. Be2 Nh7 12. Nf3 Bh4+ 13. Kd2 Bg5+ 14. Nxg5 Qxg5+ 15. Kd3 b6 16. Nb5 Nf6 17. Qc1 Rh3+ 18. Kc4 Qxc1 19. Raxc1 Nxe4 20. Bd3 Nd6+ 21. Nxd6 cxd6 22. b4 Bxg4 23. Rcf1 Bf3 24. Rhg1 e4 25. Rg3 Rxg3 26. hxg3 exd3 27. Rxf3 dxc2 28. Rc3 Rc8 29. Kb5 Ke7 30. Rxc2 Kd7 31. Rf2 f6 32. Rh2 cxb4 33. Rh7 Rc5+ 34. Kxb4 a5+ 35. Kb3 Rxd5 36. Rxg7+ Kc6 37. Rf7 Rd3+ 38. Ka4 Rxg3 39. Rxf6 Kc5 40. Rf5+ d5 0-1

[Event "Hold-DM i hurtigskak 2026"]
[Site "Middelfart"]
[Date "2026.05.24"]
[Round "5.1"]
[White "Haarh, Simon Bjork"]
[Black "Bogo, Soren"]
[Result "0-1"]
[WhiteElo "2056"]
[BlackElo "2229"]
[EventDate "2026.05.24"]
[EventType "team-tourn"]
[EventRounds "6"]
[EventCountry "DEN"]
[SourceTitle "Live v. Kasper Jerwiarz"]
[WhiteTeam "Laeseforeningen"]
[BlackTeam "Fureso"]

1. b3 c6 2. Bb2 d5 3. f4 h5 4. Nf3 Nd7 5. e3 Ndf6 6. c4 Bg4 7. h3 Bf5 8. Nc3 h4 9. Be2 e6 10. O-O Nh5 11. Nd4 Ng3 12. Nxf5 exf5 13. cxd5 Nxf1 14. dxc6 bxc6 15. Bxf1 Nf6 16. Qf3 Rc8 17. Ba6 Rc7 18. d3 Bd6 19. Ne2 O-O 20. Rc1 Nd5 21. a3 Qe7 22. e4 Re8 23. b4 fxe4 24. dxe4 Qxe4 25. Qg4 f5 26. Qxh4 Bxf4 27. Rf1 Be3+ 0-1

[Event "Hold-DM i hurtigskak 2026"]
[Site "Middelfart"]
[Date "2026.05.24"]
[Round "5.2"]
[White "Thorsbro, Peter"]
[Black "Sandmann, Villads Majvang"]
[Result "1/2-1/2"]
[WhiteElo "2180"]
[BlackElo "2184"]
[EventDate "2026.05.24"]
[EventType "team-tourn"]
[EventRounds "6"]
[EventCountry "DEN"]
[SourceTitle "Live v. Kasper Jerwiarz"]
[WhiteTeam "Fureso"]
[BlackTeam "Laeseforeningen"]

1. d4 Nf6 2. c4 e6 3. Nc3 Bb4 4. Qc2 O-O 5. a3 Bxc3+ 6. Qxc3 d5 7. Bg5 dxc4 8. Qxc4 b6 9. b4 c5 10. Nf3 Bb7 11. Rd1 cxb4 12. axb4 a5 13. Ne5 Nbd7 14. e3 Qc8 15. Nxd7 Qxd7 16. Bxf6 gxf6 17. bxa5 bxa5 18. Be2 a4 19. O-O Rfc8 20. Qb4 a3 21. Bb5 Qd5 22. f3 Rc2 23. Ba4 Rc4 24. Qxa3 Rcxa4 25. Qc3 Rc8 26. Qe1 Ra2 27. Rc1 Rcc2 28. Rxc2 Rxc2 29. Kh1 Qa2 30. Qg3+ Kh8 31. Qb8+ Bc8 32. Rg1 Qc4 33. Qd6 Kg7 34. Qg3+ Kf8 35. Qd6+ Ke8 36. h3 Qc6 37. Qg3 Bb7 38. Qg8+ Ke7 39. Qxh7 Rxg2 40. Rxg2 Qxf3 41. Qc2 Qxh3+ 42. Kg1 Bxg2 43. Qc5+ Ke8 44. Qc8+ Ke7 45. Qc5+ Kd7 46. Qa7+ Kc8 47. Qc5+ Kb7 48. Qb5+ Kc7 49. Qc5+ Bc6 50. Qe7+ Kc8 51. Qf8+ Kb7 52. Qb4+ Ka6 53. Qa3+ Kb6 54. Qc5+ Kc7 55. Qe7+ Bd7 56. Qc5+ Kb7 57. Qb4+ Ka7 58. Qa5+ Kb7 59. Qb4+ 1/2-1/2

[Event "Hold-DM i hurtigskak 2026"]
[Site "Middelfart"]
[Date "2026.05.24"]
[Round "5.3"]
[White "Frydendahl, Noah Skotte"]
[Black "Damm, Kasper Wilken"]
[Result "1-0"]
[WhiteElo "1987"]
[BlackElo "2157"]
[EventDate "2026.05.24"]
[EventType "team-tourn"]
[EventRounds "6"]
[EventCountry "DEN"]
[SourceTitle "Live v. Kasper Jerwiarz"]
[WhiteTeam "Laeseforeningen"]
[BlackTeam "Fureso"]

1. e4 c5 2. Nf3 Nc6 3. d4 cxd4 4. Nxd4 Nf6 5. Nc3 e5 6. Ndb5 d6 7. Bg5 a6 8. Na3 b5 9. Nd5 Be7 10. Nxe7 Nxe7 11. Bd3 Bb7 12. Qe2 Nd7 13. b4 f6 14. Be3 O-O 15. c4 bxc4 16. Bxc4+ Kh8 17. f3 d5 18. exd5 Nxd5 19. O-O Nxe3 20. Qxe3 Qb6 21. Qxb6 Nxb6 22. Rac1 Rab8 23. Rfd1 h5 24. Bb3 Rfc8 25. Rc5 h4 26. Rd6 Na8 27. Be6 Rd8 28. Rxd8+ Rxd8 29. Nc4 Rd1+ 30. Kf2 Rc1 31. Na5 Rxc5 32. bxc5 Nc7 33. Nxb7 Nxe6 34. c6 Nc7 35. Ke3 Kg8 36. Kd3 Kf7 37. Kc4 Ke7 38. Kc5 f5 39. Nd6 g6 40. Nc4 Ke6 41. Kb6 Nd5+ 42. Kxa6 e4 43. fxe4 fxe4 44. Kb7 Ne7 45. a4 Kd5 46. Ne3+ Kd4 47. Ng4 Kc5 48. c7 Kb4 49. c8=Q Nxc8 50. Kxc8 Kxa4 51. Kd7 Kb4 52. Ke6 Kc3 53. Ke5 Kd2 54. Kxe4 Ke2 55. Ne3 Kf2 56. h3 g5 57. Kd3 Ke1 58. Ke4 Ke2 59. Kf5 Kxe3 60. Kxg5 Kf2 61. Kxh4 Kxg2 62. Kg4 1-0

[Event "Hold-DM i hurtigskak 2026"]
[Site "Middelfart"]
[Date "2026.05.24"]
[Round "5.4"]
[White "Jensen, Christian Skov"]
[Black "Bjerg, Ludvig"]
[Result "1-0"]
[WhiteElo "1925"]
[BlackElo "1949"]
[EventDate "2026.05.24"]
[EventType "team-tourn"]
[EventRounds "6"]
[EventCountry "DEN"]
[SourceTitle "Live v. Kasper Jerwiarz"]
[WhiteTeam "Fureso"]
[BlackTeam "Laeseforeningen"]

1. d4 Nf6 2. Bg5 d5 3. e3 e6 4. Bd3 Be7 5. Nd2 O-O 6. f4 b6 7. Qe2 Bb7 8. Ngf3 Ne4 9. Bxe7 Qxe7 10. O-O Nd7 11. c3 f5 12. Kh1 Rf6 13. Bb5 Rh6 14. Kg1 Ndf6 15. Bd3 Ng4 16. Qe1 Qf7 17. h3 Ngf6 18. Bxe4 fxe4 19. Ne5 Qe7 20. Qf2 Ba6 21. Rfc1 Nd7 22. Ng4 Rg6 23. Nf1 h5 24. Ne5 Nxe5 25. dxe5 Bxf1 26. Rxf1 Rf8 27. Qe2 Rf5 28. Kh2 Qh4 29. Qe1 Qxe1 30. Rfxe1 Rf8 31. g3 Rh6 32. Kg2 g6 33. Red1 Rh7 34. Rac1 b5 35. b3 Rb8 36. Rd2 Rd7 37. g4 hxg4 38. hxg4 c5 39. Kg3 c4 40. Rb1 cxb3 41. axb3 Rc7 42. Rc2 Rbc8 43. Rbc1 a5 44. Kh4 Kg7 45. Kg5 a4 46. bxa4 bxa4 47. Rh2 Rg8 48. Rb1 Kf7 49. Rb6 Ra7 50. Rh7+ Rg7 51. Rh8 a3 52. Rbb8 a2 53. Rbe8 Rh7 54. Rxh7+ Kxe8 55. Rxa7 1-0

[Event "Hold-DM i hurtigskak 2026"]
[Site "Middelfart"]
[Date "2026.05.24"]
[Round "5.1"]
[White "Sylvan, Jacob"]
[Black "Nielsen, Viktor Haarmark"]
[Result "1-0"]
[WhiteElo "2363"]
[BlackElo "2351"]
[EventDate "2026.05.24"]
[EventType "team-tourn"]
[EventRounds "6"]
[EventCountry "DEN"]
[SourceTitle "Live v. Kasper Jerwiarz"]
[WhiteTeam "Nordkalotten"]
[BlackTeam "OBRO"]

1. e4 c5 2. Nf3 g6 3. d4 cxd4 4. Nxd4 Nc6 5. Nc3 Bg7 6. Be3 Nf6 7. Bc4 Qa5 8. O-O O-O 9. Bb3 d6 10. h3 Bd7 11. Re1 Nxd4 12. Bxd4 Bc6 13. Nd5 Bxd5 14. Bxd5 Nxd5 15. Bxg7 Kxg7 16. exd5 Rfe8 17. Qd4+ Kg8 18. c4 Rac8 19. b3 Qc5 20. Rad1 a6 21. Qf4 Kg7 22. Re4 b5 23. Rd3 bxc4 24. bxc4 Rc7 25. h4 h5 26. Rg3 Qb4 27. Kh2 Qb2 28. Rf3 Rf8 29. Qe3 Qxa2 30. Qd4+ Kg8 31. g4 Rfc8 32. Rc3 Qa1 33. gxh5 Qf1 34. hxg6 f6 35. h5 Rb8 36. Rg3 Rb1 37. Rg2 Qh1+ 38. Kg3 Qxh5 39. Rh4 Qg5+ 40. Kh2 Qf5 41. g7 Qe5+ 42. Qxe5 1-0

[Event "Hold-DM i hurtigskak 2026"]
[Site "Middelfart"]
[Date "2026.05.24"]
[Round "5.2"]
[White "Skonnord, Uno"]
[Black "Kristensen, Kaare Hove"]
[Result "1/2-1/2"]
[WhiteElo "2177"]
[BlackElo "2315"]
[EventDate "2026.05.24"]
[EventType "team-tourn"]
[EventRounds "6"]
[EventCountry "DEN"]
[SourceTitle "Live v. Kasper Jerwiarz"]
[WhiteTeam "OBRO"]
[BlackTeam "Nordkalotten"]

1. e4 c5 2. Nc3 Nc6 3. Bb5 Nd4 4. a4 g6 5. d3 Bg7 6. Nge2 e6 7. Bc4 Ne7 8. Nxd4 cxd4 9. Nb5 d6 10. Bf4 e5 11. Bd2 a6 12. Na3 O-O 13. O-O d5 14. exd5 Nxd5 15. Bxd5 Qxd5 16. Nc4 Qc6 17. Bb4 Re8 18. Re1 Bd7 19. Qd2 b5 20. Nd6 Re6 21. axb5 axb5 22. Ne4 Ree8 23. c3 dxc3 24. bxc3 Rxa1 25. Rxa1 Ra8 26. Rxa8+ Qxa8 27. h3 Bc6 28. f3 Qd8 29. Qe3 h6 30. Nd6 Qd7 31. Qb6 Kh7 32. Qb8 Qe6 33. Qc8 1/2-1/2

[Event "Hold-DM i hurtigskak 2026"]
[Site "Middelfart"]
[Date "2026.05.24"]
[Round "5.3"]
[White "Hove, Esben Kjems"]
[Black "Knudsen, Joachim Holm"]
[Result "1-0"]
[WhiteElo "2322"]
[BlackElo "1884"]
[EventDate "2026.05.24"]
[EventType "team-tourn"]
[EventRounds "6"]
[EventCountry "DEN"]
[SourceTitle "Live v. Kasper Jerwiarz"]
[WhiteTeam "Nordkalotten"]
[BlackTeam "OBRO"]

1. d4 d5 2. Nf3 Nf6 3. Bf4 e6 4. e3 Bd6 5. Bg3 O-O 6. Nbd2 c5 7. c3 Qc7 8. Ne5 Nc6 9. f4 Ne7 10. Bd3 Nf5 11. Bf2 Be7 12. g4 Nd6 13. Qf3 b5 14. g5 Nfe4 15. Qe2 b4 16. cxb4 cxb4 17. O-O Bb7 18. Rfc1 Qd8 19. Ndf3 a5 20. Nc6 Bxc6 21. Rxc6 Rc8 22. Qc2 Rxc6 23. Qxc6 Qc8 24. Rc1 Nxf2 25. Kxf2 g6 26. Ne5 Kg7 27. Qxc8 Nxc8 28. Rc6 a4 29. Ba6 Nd6 30. Ke2 Ne4 31. Bc8 a3 32. bxa3 bxa3 33. Kd3 f6 34. gxf6+ Kxf6 35. Nd7+ Kf5 36. Nxf8 Bxf8 37. Bxe6+ Kf6 38. Bxd5+ Nd6 39. e4 Ke7 40. e5 Nf5 41. Rc7+ Kd8 42. Rxh7 Ne7 43. Be4 1-0

[Event "Hold-DM i hurtigskak 2026"]
[Site "Middelfart"]
[Date "2026.05.24"]
[Round "5.4"]
[White "Kokholm, Daniel"]
[Black "Nielsen, Lars Aaes"]
[Result "0-1"]
[WhiteElo "1949"]
[BlackElo "2227"]
[EventDate "2026.05.24"]
[EventType "team-tourn"]
[EventRounds "6"]
[EventCountry "DEN"]
[SourceTitle "Live v. Kasper Jerwiarz"]
[WhiteTeam "OBRO"]
[BlackTeam "Nordkalotten"]

1. d4 e6 2. e4 d5 3. Be3 dxe4 4. Nd2 Nf6 5. f3 Nd5 6. Qe2 Nc6 7. c3 exf3 8. Ngxf3 Nxe3 9. Qxe3 Be7 10. Bd3 Qd5 11. Be4 Qb5 12. b4 Qa4 13. O-O a5 14. a3 Bd7 15. d5 Nd8 16. Ng5 h6 17. Nxf7 Nxf7 18. Bg6 O-O-O 19. Qa7 axb4 20. axb4 Qxa7+ 21. Rxa7 Bb5 22. Rxf7 Kb8 23. Ra5 Bg5 24. Rxb5 Bxd2 25. Rc5 Be3+ 0-1

[Event "Hold-DM i hurtigskak 2026"]
[Site "Middelfart"]
[Date "2026.05.24"]
[Round "5.1"]
[White "Hagen, Andreas Skytte"]
[Black "Jacobsen, Mikkel Manosri"]
[Result "1/2-1/2"]
[WhiteElo "2341"]
[BlackElo "2302"]
[EventDate "2026.05.24"]
[EventType "team-tourn"]
[EventRounds "6"]
[EventCountry "DEN"]
[SourceTitle "Live v. Kasper Jerwiarz"]
[WhiteTeam "Naestved"]
[BlackTeam "BMS"]

1. c4 e6 2. g3 d5 3. Bg2 d4 4. Nf3 Nc6 5. O-O Nh6 6. e4 f6 7. d3 Nf7 8. Bd2 a5 9. Na3 Bc5 10. Nc2 Qe7 11. b3 O-O 12. a3 e5 13. Qb1 Ra6 14. Qb2 Rb6 15. Rab1 f5 16. Nh4 f4 17. b4 Ng5 18. Nf5 Bxf5 19. exf5 Rxf5 20. Qa2 f3 21. Bxg5 Qxg5 22. bxc5 Rxb1 23. Qxb1 fxg2 24. Kxg2 Rf6 25. Qxb7 Qf5 26. Ne1 h5 27. f3 h4 28. Rf2 h3+ 29. Kg1 e4 30. dxe4 Qxc5 31. Qc8+ Rf8 32. Qe6+ Rf7 33. Qc8+ Rf8 34. Qe6+ Rf7 35. Qc8+ 1/2-1/2

[Event "Hold-DM i hurtigskak 2026"]
[Site "Middelfart"]
[Date "2026.05.24"]
[Round "5.2"]
[White "Kistrup, Nicolai"]
[Black "Lindholdt, Malik"]
[Result "1-0"]
[WhiteElo "2436"]
[BlackElo "2120"]
[EventDate "2026.05.24"]
[EventType "team-tourn"]
[EventRounds "6"]
[EventCountry "DEN"]
[SourceTitle "Live v. Kasper Jerwiarz"]
[WhiteTeam "BMS"]
[BlackTeam "Naestved"]

1. d4 Nf6 2. c4 g6 3. Nc3 Bg7 4. e4 d6 5. Be2 O-O 6. Nf3 e5 7. O-O Nc6 8. d5 Ne7 9. b4 Nh5 10. c5 f5 11. a4 Nf4 12. Bc4 fxe4 13. Nxe4 Bg4 14. Ra3 Nf5 15. Bxf4 exf4 16. Neg5 Qxg5 17. Nxg5 Bxd1 18. Rxd1 Be5 19. Ne6 Rf7 20. a5 Ng7 21. c6 b6 22. Nxc7 Rxc7 23. axb6 Re7 24. b7 Rae8 25. Rxa7 Bd4 26. Ra8 Ba7 27. Rxa7 1-0

[Event "Hold-DM i hurtigskak 2026"]
[Site "Middelfart"]
[Date "2026.05.24"]
[Round "5.3"]
[White "Olsen, Nils Linde"]
[Black "Falkesgaard, Jeppe Hald"]
[Result "0-1"]
[WhiteElo "2029"]
[BlackElo "2317"]
[EventDate "2026.05.24"]
[EventType "team-tourn"]
[EventRounds "6"]
[EventCountry "DEN"]
[SourceTitle "Live v. Kasper Jerwiarz"]
[WhiteTeam "Naestved"]
[BlackTeam "BMS"]

1. d4 Nf6 2. c4 e6 3. Nf3 d5 4. Bg5 h6 5. Bxf6 Qxf6 6. Nc3 c6 7. e3 Nd7 8. Bd3 g6 9. e4 dxe4 10. Nxe4 Bb4+ 11. Nc3 c5 12. O-O cxd4 13. Nb5 O-O 14. a3 Be7 15. Nbxd4 Rd8 16. Bc2 Nb6 17. c5 Bxc5 0-1

[Event "Hold-DM i hurtigskak 2026"]
[Site "Middelfart"]
[Date "2026.05.24"]
[Round "5.4"]
[White "Jalving, August"]
[Black "Christensen, Thomas"]
[Result "1-0"]
[WhiteElo "2094"]
[BlackElo "2108"]
[EventDate "2026.05.24"]
[EventType "team-tourn"]
[EventRounds "6"]
[EventCountry "DEN"]
[SourceTitle "Live v. Kasper Jerwiarz"]
[WhiteTeam "BMS"]
[BlackTeam "Naestved"]

1. e4 Nc6 2. Nf3 e5 3. Bb5 a6 4. Ba4 Nf6 5. O-O d6 6. c4 Be7 7. d4 exd4 8. Nxd4 Bd7 9. Bxc6 Bxc6 10. Nxc6 bxc6 11. Nc3 O-O 12. Be3 Nd7 13. Qd2 Ne5 14. b3 f5 15. exf5 Rxf5 16. h3 Rf3 17. Bf4 Rd3 18. Qc2 Nf3+ 19. gxf3 Rxf3 20. Ne2 Rxh3 21. Qf5 Rh4 22. Bg3 Rh6 23. Nd4 Bf6 24. Nxc6 Qe8 25. Qd5+ Kh8 26. Rae1 Qd7 27. Ne5 1-0

[Event "Hold-DM i hurtigskak 2026"]
[Site "Middelfart"]
[Date "2026.05.24"]
[Round "5.1"]
[White "Ramsdal, Jens Albert"]
[Black "Rasmussen, Allan Stig"]
[Result "0-1"]
[WhiteElo "2331"]
[BlackElo "2521"]
[EventDate "2026.05.24"]
[EventType "team-tourn"]
[EventRounds "6"]
[EventCountry "DEN"]
[SourceTitle "Live v. Kasper Jerwiarz"]
[WhiteTeam "SK1968"]
[BlackTeam "Frem"]

1. e4 c6 2. Nc3 d5 3. Nf3 dxe4 4. Nxe4 Nf6 5. Qe2 Bg4 6. Nxf6+ gxf6 7. h3 Bh5 8. g4 Bg6 9. d3 Na6 10. Bd2 Qb6 11. Bc3 O-O-O 12. a4 e5 13. Nd2 Nb4 14. Nc4 Qc5 15. Bxb4 Qxb4+ 16. Qd2 Qc5 17. Qe3 Qd5 18. Qxa7 Qxh1 19. a5 Bb4+ 20. c3 Bxd3 21. O-O-O Bxc4 0-1

[Event "Hold-DM i hurtigskak 2026"]
[Site "Middelfart"]
[Date "2026.05.24"]
[Round "5.2"]
[White "Besq, Alexander Le"]
[Black "Lauridsen, Jesper Morch"]
[Result "1-0"]
[WhiteElo "2159"]
[BlackElo "2237"]
[EventDate "2026.05.24"]
[EventType "team-tourn"]
[EventRounds "6"]
[EventCountry "DEN"]
[SourceTitle "Live v. Kasper Jerwiarz"]
[WhiteTeam "Frem"]
[BlackTeam "SK1968"]

1. e4 e6 2. d4 d5 3. e5 c5 4. c3 Bd7 5. Nf3 a6 6. Be2 cxd4 7. cxd4 Bb5 8. O-O Bxe2 9. Qxe2 Nc6 10. Nc3 Nge7 11. Be3 Nf5 12. Rac1 Be7 13. Na4 Qa5 14. b3 Qb5 15. Qd2 Qb4 16. Qb2 Nxe3 17. fxe3 O-O 18. Nc5 Bxc5 19. Rxc5 f6 20. a3 Qb6 21. exf6 Rxf6 22. Ng5 Rxf1+ 23. Kxf1 Rf8+ 24. Kg1 Ne7 25. Qc2 Nf5 26. Rc8 h6 27. Rxf8+ Kxf8 28. Nf3 Nxe3 29. Qc8+ Ke7 30. Qg8 Nf5 31. g4 Qxb3 32. gxf5 Qxf3 33. Qxg7+ Kd8 34. f6 Qe3+ 35. Kg2 Qg5+ 1-0

[Event "Hold-DM i hurtigskak 2026"]
[Site "Middelfart"]
[Date "2026.05.24"]
[Round "5.3"]
[White "Hansen, Lars"]
[Black "Dyrgaard, Kristoffer"]
[Result "1-0"]
[WhiteElo "2150"]
[BlackElo "2207"]
[EventDate "2026.05.24"]
[EventType "team-tourn"]
[EventRounds "6"]
[EventCountry "DEN"]
[SourceTitle "Live v. Kasper Jerwiarz"]
[WhiteTeam "SK1968"]
[BlackTeam "Frem"]

1. Nf3 Nf6 2. e3 g6 3. d4 Bg7 4. c4 c6 5. Nc3 d5 6. Qb3 O-O 7. Bd2 Qb6 8. Qxb6 axb6 9. cxd5 cxd5 10. Bd3 Nc6 11. O-O Bg4 12. Rfc1 Bxf3 13. gxf3 e5 14. dxe5 Nxe5 15. Be2 Nc4 16. Be1 Nxb2 17. Rab1 Na4 18. Nxa4 Rxa4 19. Rxb6 Rxa2 20. Bf1 Nd7 21. Rxb7 Ne5 22. Kg2 g5 23. Rcc7 g4 24. f4 Nf3 25. Bb4 Re8 26. Rxf7 Bh8 27. Bd3 Nh4+ 28. Kg3 Ng6 29. Rxh7 Nf8 30. Rxh8+ Kxh8 31. Bc3+ Kg8 32. Rg7+ Kh8 33. Rxg4+ d4 34. Bxd4+ 1-0

[Event "Hold-DM i hurtigskak 2026"]
[Site "Middelfart"]
[Date "2026.05.24"]
[Round "5.4"]
[White "Andries, Alf"]
[Black "Krupa, Miroslav"]
[Result "1/2-1/2"]
[WhiteElo "2210"]
[BlackElo "1980"]
[EventDate "2026.05.24"]
[EventType "team-tourn"]
[EventRounds "6"]
[EventCountry "DEN"]
[SourceTitle "Live v. Kasper Jerwiarz"]
[WhiteTeam "Frem"]
[BlackTeam "SK1968"]

1. e4 c5 2. c3 d5 3. exd5 Qxd5 4. d4 g6 5. Nf3 Bg7 6. dxc5 Qxc5 7. Be3 Qc7 8. Na3 Bd7 9. Qb3 Nf6 10. Nb5 Bxb5 11. Bxb5+ Nbd7 12. Rd1 O-O 13. O-O a6 14. Be2 Rab8 15. Qb4 Rfe8 16. Bc4 b5 17. Bb3 a5 18. Qh4 e6 19. Bf4 e5 20. Bh6 a4 21. Bc2 Nb6 22. Bg5 Nbd7 23. Rfe1 Rb6 24. Nd2 a3 25. bxa3 Qxc3 26. Bb3 Rd6 27. Ne4 Nxe4 28. Qxe4 Nc5 29. Qb1 Rxd1 30. Rxd1 Nxb3 31. axb3 Bf8 32. a4 bxa4 33. bxa4 Ra8 34. Qe4 Qb3 35. Re1 Qxa4 1/2-1/2

[Event "Hold-DM i hurtigskak 2026"]
[Site "Middelfart"]
[Date "2026.05.24"]
[Round "6.1"]
[White "Nicolajsen, Thea"]
[Black "Haarh, Simon Bjork"]
[Result "0-1"]
[WhiteElo "2029"]
[BlackElo "2056"]
[EventDate "2026.05.24"]
[EventType "team-tourn"]
[EventRounds "6"]
[EventCountry "DEN"]
[SourceTitle "Live v. Kasper Jerwiarz"]
[WhiteTeam "Silkeborg Skakklub"]
[BlackTeam "Laeseforeningen"]

1. d4 Nf6 2. c4 e6 3. Nc3 c5 4. d5 exd5 5. cxd5 d6 6. e4 g6 7. Bg5 Bg7 8. Bd3 O-O 9. Nge2 a6 10. a4 Nbd7 11. f4 Qc7 12. b3 Re8 13. Qc2 Rb8 14. Rc1 b5 15. axb5 axb5 16. Nxb5 Rxb5 17. Bxb5 Qa5+ 18. Nc3 Nxe4 19. Bxd7 Bxc3+ 20. Qxc3 Nxc3+ 21. Bxe8 Ne4+ 22. Ke2 Qd2+ 23. Kf3 Qf2+ 0-1

[Event "Hold-DM i hurtigskak 2026"]
[Site "Middelfart"]
[Date "2026.05.24"]
[Round "6.2"]
[White "Sandmann, Villads Majvang"]
[Black "Poulsen, Albert Damgaard"]
[Result "1-0"]
[WhiteElo "2184"]
[BlackElo "2006"]
[EventDate "2026.05.24"]
[EventType "team-tourn"]
[EventRounds "6"]
[EventCountry "DEN"]
[SourceTitle "Live v. Kasper Jerwiarz"]
[WhiteTeam "Laeseforeningen"]
[BlackTeam "Silkeborg Skakklub"]

1. e4 c5 2. Nf3 g6 3. d4 cxd4 4. Nxd4 Nc6 5. c4 Nf6 6. Nc3 Nxd4 7. Qxd4 d6 8. Be2 Bg7 9. O-O O-O 10. Qd3 Be6 11. Be3 Qa5 12. f3 Rfc8 13. b3 a6 14. Rac1 b5 15. cxb5 axb5 16. Qxb5 Qxb5 17. Bxb5 Nh5 18. Nd5 Kf8 19. Nc7 Rab8 20. Nxe6+ fxe6 21. Rxc8+ Rxc8 22. Rc1 Rb8 23. a4 Nf6 24. Rc7 Ne8 25. Ra7 h6 26. Bc4 Kf7 27. a5 g5 28. a6 Be5 29. Rb7 Ra8 30. a7 d5 31. exd5 Nd6 32. dxe6+ Kf6 33. Bd5 Nxb7 34. Bxb7 Rxa7 35. Bxa7 Kxe6 36. Be4 Kd6 37. Bb8+ Ke6 38. Bxe5 Kxe5 39. Kf2 Kd4 40. Kg3 Kc3 41. Bd5 e5 42. Kg4 1-0

[Event "Hold-DM i hurtigskak 2026"]
[Site "Middelfart"]
[Date "2026.05.24"]
[Round "6.3"]
[White "Poulsen, Peter Risgaard"]
[Black "Frydendahl, Noah Skotte"]
[Result "1/2-1/2"]
[WhiteElo "1948"]
[BlackElo "1987"]
[EventDate "2026.05.24"]
[EventType "team-tourn"]
[EventRounds "6"]
[EventCountry "DEN"]
[SourceTitle "Live v. Kasper Jerwiarz"]
[WhiteTeam "Silkeborg Skakklub"]
[BlackTeam "Laeseforeningen"]

1. d4 d5 2. Nc3 Nf6 3. Bf4 e6 4. e3 Be7 5. Bd3 O-O 6. g4 e5 7. dxe5 Ne4 8. Nxe4 dxe4 9. Bxe4 c6 10. Qxd8 Rxd8 11. h3 Na6 12. c3 Nc5 13. Bc2 Be6 14. Nf3 Bd5 15. Ke2 Bc4+ 16. Ke1 Bd5 17. Ke2 1/2-1/2

[Event "Hold-DM i hurtigskak 2026"]
[Site "Middelfart"]
[Date "2026.05.24"]
[Round "6.4"]
[White "Bjerg, Ludvig"]
[Black "Petersen, Frank Gjerning"]
[Result "1-0"]
[WhiteElo "1949"]
[BlackElo "1928"]
[EventDate "2026.05.24"]
[EventType "team-tourn"]
[EventRounds "6"]
[EventCountry "DEN"]
[SourceTitle "Live v. Kasper Jerwiarz"]
[WhiteTeam "Laeseforeningen"]
[BlackTeam "Silkeborg Skakklub"]

1. e4 c6 2. d4 d5 3. exd5 cxd5 4. Bd3 Nc6 5. c3 Nf6 6. h3 g6 7. Bf4 Bg7 8. Nf3 O-O 9. O-O Re8 10. Re1 a6 11. a4 e6 12. Nbd2 Bd7 13. Nb3 b6 14. Qe2 Qc8 15. Ne5 Qb7 16. Nxc6 Bxc6 17. a5 Nd7 18. axb6 Qxb6 19. Na5 Bb5 20. b4 Rec8 21. Rec1 Nb8 22. Nb3 Nd7 23. Ra5 Qc6 24. Bxb5 axb5 25. Qxb5 Qxb5 26. Rxb5 Ra3 27. Nc5 Nf8 28. Rb8 Rxb8 29. Bxb8 Bh6 30. Rc2 f5 31. Bc7 Kf7 32. b5 Ra1+ 33. Kh2 Rb1 34. b6 1-0

[Event "Hold-DM i hurtigskak 2026"]
[Site "Middelfart"]
[Date "2026.05.24"]
[Round "6.1"]
[White "Bogo, Soren"]
[Black "Jacobsen, Mikkel Manosri"]
[Result "0-1"]
[WhiteElo "2229"]
[BlackElo "2302"]
[EventDate "2026.05.24"]
[EventType "team-tourn"]
[EventRounds "6"]
[EventCountry "DEN"]
[SourceTitle "Live v. Kasper Jerwiarz"]
[WhiteTeam "Fureso"]
[BlackTeam "BMS"]

1. d4 d5 2. c4 e6 3. Nc3 a6 4. cxd5 exd5 5. Nf3 h6 6. Bf4 Nf6 7. e3 Bd6 8. Bg3 O-O 9. Bd3 Re8 10. O-O Nc6 11. Rc1 Bg4 12. Be2 Bxg3 13. hxg3 Qd7 14. Qc2 Ne4 15. Nxe4 dxe4 16. Ne1 Bxe2 17. Qxe2 Ne7 18. Nc2 Nd5 19. a3 Re6 20. Nb4 Nxb4 21. axb4 Rb6 22. Qd2 Rb5 23. Rc5 Rxc5 24. bxc5 c6 25. Rd1 Rd8 26. Qc2 Qe7 27. Ra1 h5 28. Ra3 Rd5 29. Rb3 g6 30. Qe2 Kg7 31. Kf1 h4 32. Qg4 hxg3 33. Qxg3 Rh5 34. Ke2 Qe6 35. Rc3 Qa2 36. Kd2 Qxb2+ 37. Rc2 Qb4+ 38. Rc3 a5 39. Qb8 a4 40. g4 Rd5 41. Qa7 Rg5 42. Qb8 a3 43. Qf4 Rd5 44. g5 a2 0-1

[Event "Hold-DM i hurtigskak 2026"]
[Site "Middelfart"]
[Date "2026.05.24"]
[Round "6.2"]
[White "Kistrup, Nicolai"]
[Black "Thorsbro, Peter"]
[Result "1-0"]
[WhiteElo "2436"]
[BlackElo "2180"]
[EventDate "2026.05.24"]
[EventType "team-tourn"]
[EventRounds "6"]
[EventCountry "DEN"]
[SourceTitle "Live v. Kasper Jerwiarz"]
[WhiteTeam "BMS"]
[BlackTeam "Fureso"]

1. e4 c6 2. d4 d5 3. f3 dxe4 4. fxe4 e5 5. Nf3 Bg4 6. c3 Nd7 7. Be2 Bd6 8. Nbd2 Qe7 9. Nc4 O-O-O 10. O-O Ngf6 11. Bg5 Bc7 12. Nfxe5 Nxe5 13. Bxf6 gxf6 14. Bxg4+ Nxg4 15. Qxg4+ Kb8 16. Rae1 Rhg8 17. Qf3 Rg6 18. Ne3 Qe6 19. b3 Rh6 20. Ng4 Rh4 21. h3 Rg8 22. Qxf6 Rhxg4 23. hxg4 Qxg4 24. Qf3 Qh4 25. e5 a5 26. Re4 Qg5 27. Rf4 c5 28. Rxf7 cxd4 29. cxd4 Qd8 30. Rf8 1-0

[Event "Hold-DM i hurtigskak 2026"]
[Site "Middelfart"]
[Date "2026.05.24"]
[Round "6.3"]
[White "Damm, Kasper Wilken"]
[Black "Falkesgaard, Jeppe Hald"]
[Result "0-1"]
[WhiteElo "2157"]
[BlackElo "2317"]
[EventDate "2026.05.24"]
[EventType "team-tourn"]
[EventRounds "6"]
[EventCountry "DEN"]
[SourceTitle "Live v. Kasper Jerwiarz"]
[WhiteTeam "Fureso"]
[BlackTeam "BMS"]

1. e4 c5 2. Nf3 Nc6 3. d4 cxd4 4. Nxd4 e5 5. Nb5 d6 6. c4 Be6 7. Be2 g6 8. O-O a6 9. N5c3 Bg7 10. b3 Nge7 11. a4 O-O 12. Ba3 Nd4 13. Nd2 Rc8 14. b4 Nxe2+ 15. Qxe2 Nc6 16. Qd3 Nd4 17. Nd1 f5 18. Rc1 Bh6 19. Ne3 f4 20. Nc2 f3 21. Nxd4 exd4 22. Nxf3 Bxc1 23. Rxc1 Qf6 24. Bb2 b5 25. axb5 axb5 26. c5 dxc5 27. bxc5 Bc4 28. Qd2 Rcd8 29. Nxd4 Qf4 30. Qe1 Rfe8 31. f3 h5 32. Rd1 h4 33. h3 Kh7 34. Qf2 Ra8 35. Ne2 Bxe2 36. Qxe2 Ra2 37. Rd7+ Kg8 38. Rg7+ Kf8 39. Rxg6 Rd8 40. Qc2 Qe3+ 41. Kh2 Qf4+ 42. g3 hxg3+ 43. Rxg3 Rd2+ 44. Qxd2 Qxd2+ 45. Rg2 Qf4+ 46. Kg1 Rxb2 47. Rxb2 Qc1+ 0-1